Pharmacology-II (Record no. 13423)

MARC details
000 -LEADER
fixed length control field 00376nam a22001697a 4500
003 - CONTROL NUMBER IDENTIFIER
control field OSt
008 - FIXED-LENGTH DATA ELEMENTS--GENERAL INFORMATION
fixed length control field 250424b |||||||| |||| 00| 0 eng d
020 ## - INTERNATIONAL STANDARD BOOK NUMBER
International Standard Book Number 9789361097355
082 ## - DEWEY DECIMAL CLASSIFICATION NUMBER
Classification number 615 BHP
100 ## - MAIN ENTRY--PERSONAL NAME
Personal name Bhise, S.B
245 ## - TITLE STATEMENT
Title Pharmacology-II
260 ## - PUBLICATION, DISTRIBUTION, ETC. (IMPRINT)
Place of publication, distribution, etc Delhi
Name of publisher, distributor, etc Niral
Date of publication, distribution, etc 2024
300 ## - PHYSICAL DESCRIPTION
Extent 5.34
650 ## - SUBJECT ADDED ENTRY--TOPICAL TERM
Topical term or geographic name as entry element Pharmacology-II
700 ## - ADDED ENTRY--PERSONAL NAME
Personal name Bhise, M.S
942 ## - ADDED ENTRY ELEMENTS (KOHA)
Source of classification or shelving scheme Dewey Decimal Classification
Koha item type Text Books
Holdings
Withdrawn status Lost status Source of classification or shelving scheme Damaged status Not for loan Collection code Home library Current library Date acquired Source of acquisition Currency Cost, normal purchase price Bill Number Total Checkouts Full call number Acc. no. / Barcode Date last seen Actual Cost, discounted price Bill Date Koha item type Date last borrowed
    Dewey Decimal Classification     B.Pharma PIET C-LIBRARY PIET C-LIBRARY 15/04/2025 Zafaa Books Distributres Rs 370.00 ZBD0026   615 BHP BP2758 24/04/2025 277.50 11/04/2025 Reference Books  
    Dewey Decimal Classification     B.Pharma PIET C-LIBRARY PIET C-LIBRARY 15/04/2025 Zafaa Books Distributres Rs 370.00 ZBD0026 2 615 BHP BP2759 05/09/2025 277.50 11/04/2025 Text Books 20/08/2025
    Dewey Decimal Classification     B.Pharma PIET C-LIBRARY PIET C-LIBRARY 15/04/2025 Zafaa Books Distributres Rs 370.00 ZBD0026 2 615 BHP BP2760 28/05/2026 277.50 11/04/2025 Text Books 25/05/2026

Design & Developed by: PIET Central Library
R70 Miles Stone Pattikalyana Samalkha Panipat 132102
mail ID :- [email protected], Phone No:- 0180-2569700 Ex.216